| 000 | 00952nam a2200277Ia 4500 | ||
|---|---|---|---|
| 008 | 191130s2000##################000#0#eng## | ||
| 020 | _a9780199267866 | ||
| 022 | _a222250 | ||
| 040 |
_aACL _cACL |
||
| 082 | _a344046 ETT.4 | ||
| 245 |
_aYearbook of European environmental law _cT. F. M. Etty, Han Somsen, M. Lee, J. Scott, L. Krämer |
||
| 260 |
_aOxford _bOxford University Press _c2000 |
||
| 300 | _acvi, 775 p. ; 24 cm | ||
| 650 | _aEnvironmental law - Europe - Periodicals | ||
| 650 | _aEnvironmental law - European Union countries - Periodicals | ||
| 650 | _aEnvironnement - Droit - Europe - Périodiques | ||
| 650 | _aEnvironnement - Droit - Pays de l'Union européenne - Périodiques | ||
| 650 | _aEnvironnement - Droit européen | ||
| 700 | _aEtty, T. F. M | ||
| 700 | _aKramer, L | ||
| 700 | _aLee, M | ||
| 710 | _aScott, J | ||
| 990 | _a2c8a2657ac10000c08acdbd9bfba8c72 | ||
| 991 | _a402184 | ||
| 999 |
_c309874 _d309874 |
||